000 00707nam a2200265 i 4500
001 C2-0083771
003 PPAK
005 20180727085627.0
008 970429s1987 my a|||| ||||| | may d
020 _a967650338X
040 _aPPAK
_beng
_cPPAK
_erda
082 0 4 _a612.463
_223
090 0 0 _a612.463
_bRAM
_dG
090 0 0 _a612.463
_bRAM
_dKIH
100 1 _aRaman, A.,
_eauthor
245 1 0 _aFisiologi sistem renal
264 1 _aPetaling Jaya, Selangor :
_bFajar Bakti ,
_c1987.
300 _av, 240 pages :
_billustrations ;
_c22 cm
336 _2rdacontent
_atext
337 _2rdamedia
_aunmediated
338 _2rdacarrier
_avolume
650 1 0 _aKidneys
700 _eauthor
942 _ddc
_cB
999 _c16067
_d16067